Frequency synchronization in OFDM mobile systems (Record no. 181687)
[ view plain ]
| 000 -LEADER | |
|---|---|
| fixed length control field | 00872 a2200181 4500 |
| 003 - CONTROL NUMBER IDENTIFIER | |
| control field | Nust |
| 005 - DATE AND TIME OF LATEST TRANSACTION | |
| control field | 20170207153218.0 |
| 040 ## - CATALOGING SOURCE | |
| Transcribing agency | Nust |
| 082 ## - DEWEY DECIMAL CLASSIFICATION NUMBER | |
| Classification number | 621.382 |
| 100 ## - MAIN ENTRY--PERSONAL NAME | |
| Personal name | Ahmed , Zamir Muhammad (MSEE-8) |
| 245 ## - TITLE STATEMENT | |
| Title | Frequency synchronization in OFDM mobile systems |
| Statement of responsibility, etc. | Muhammad Zamir Ahmed |
| 260 ## - PUBLICATION, DISTRIBUTION, ETC. | |
| Name of publisher, distributor, etc. | MCS, NUST |
| Date of publication, distribution, etc. | 2008 |
| Place of publication, distribution, etc. | Rawalpindi |
| 300 ## - PHYSICAL DESCRIPTION | |
| Extent | ix,63, p.; |
| 505 ## - FORMATTED CONTENTS NOTE | |
| Formatted contents note | Introduction to thesis (page-1) Evolution of OFDM and its various applications (page-4) Basics of multi-carrier modulation (page-11) Wireless radio channel modeling for OFDM systems (page-16) Existing frequency synchronization techniques (page-27) simulations and designed algorithm details (page-36) Frequency synchronization simulations and performance analysis (page-450 Conclusions and future work (page-56). |
| 538 ## - SYSTEM DETAILS NOTE | |
| System details note | Almirah No 69 Shelf No 1 |
| 650 ## - SUBJECT ADDED ENTRY--TOPICAL TERM | |
| Topical term or geographic name entry element | MS Thesis |
| 651 ## - SUBJECT ADDED ENTRY--GEOGRAPHIC NAME | |
| Geographic name | MSEE-8 |
| 942 ## - ADDED ENTRY ELEMENTS (KOHA) | |
| Koha item type | |
| Withdrawn status | Lost status | Source of classification or shelving scheme | Damaged status | Not for loan | Collection code | Permanent Location | Current Location | Date acquired | Total Checkouts | Full call number | Barcode | Date last seen | Price effective from | Koha item type |
|---|---|---|---|---|---|---|---|---|---|---|---|---|---|---|
| Military College of Signals (MCS) | Military College of Signals (MCS) | 12/12/2016 | 621.382 AHM | MCSTEE-108 | 12/08/2016 | 12/12/2016 | Book | |||||||
| Military College of Signals (MCS) | Military College of Signals (MCS) | 12/12/2016 | 621.382 AHM | MCSTEE-34 | 12/08/2016 | 12/12/2016 | Book |
